Регионална библиотека "Любен Каравелов" - Русе

Моята първа книга за владетелите на България (Запис номер 104322)

MARC детайли
000 -Лидер
Контролно поле с фиксирана дължина 01777nam a2200457 c 4500
003 - Код на организацията, давaща контролен номер
Контролно поле BLK
005 - Дата и час на последна редакция
Контролно поле 20250326084713.0
008 - Елементи от данни с фиксирана дължина
fixed length control field 180409b bul|||||r ||||||| ||bul||
010 ## - Наследен системен номер
LC control number KNG00109426000
020 ## - Международен стандартен номер на книга ISBN
Международен стандартен номер на книга ISBN 978-954-657-978-2
040 ## - Източник на каталожния запис
Идентификатор на билиотеката - собственик на записа BLK
041 ## - Код за език
Код за езика на текст/звукозапис или на отделно заглавие Български
Код за езика КДБФ Български
072 #7 - Код за тематичната категория
Код организация bullib
Код за тематична категория Н86
Текст Детска отраслова литература Н
080 ## - УДК
Текстов определител УДК История на България
УДК код - определител по УДК 94(497.2)
УДК определител (092)(02.053.2)
УДК - код + определител 94(497.2)(092)(02.053.2)
080 ## - УДК
Текстов определител УДК Биографии
УДК код - определител по УДК 929
УДК определител (497.2)
УДК - код + определител 929(497.2)
100 ## - Редна дума - Автор
Автор Лалев, Цанко
Пълна форма на името Дулев, Цанко Лалев
R(LIN) 363801
139 ## - Редно поле
Редна дума Лалев, Цанко
Авторски знак Лал - Л 17
245 10 - Сведения за заглавието
Заглавие Моята първа книга за владетелите на България
Редно поле (дума) Цанко Лалев; ил. Олег Топалов; ил. Исай Пенчев Пенчев.
257 ## - Страна на издаване
Страна на създаване/издаване България
260 ## - Област на издателските данни
Име на издателя, разпространителя и проч. ПАН
Година на издаване 2010
Място на издаване, разпространение и проч. София
300 ## - Физическа характеристика
Страници 16 с.
Илюстрации и др. с цв. ил.
Размери/Мащаб 28 см
380 ## - Жанр
Жанр Детска отраслова лит.
490 ## - СЕРИИ (Колекции)
Име на серия Поредица Моята първа книга за...
9 (RLIN) 206289
500 ## - Общи забележки
Забележка Пълното име на авт. е Цанко Лалев Дулев.
650 #0 - Допълнително описание по предмет – тема
Основно описание – тема или топоним България - история
9 (RLIN) 244493
650 #4 - Допълнително описание по предмет – тема
Основно описание – тема или топоним Владетели, български
9 (RLIN) 245086
653 ## - Ключова дума – ненормативна
Ключова дума история
653 ## - Ключова дума – ненормативна
Ключова дума български владетели
653 ## - Ключова дума – ненормативна
Ключова дума ханове
653 ## - Ключова дума – ненормативна
Ключова дума царе
659 ## - Тематичен бюлетин
Тематичен бюлетин Н
700 1# - Други автори (авторска отговорност)
Лично име Топалов, Олег
Автороска отговорност (Описва отношението между автора и произведението) ил.
9 (RLIN) 371565
700 1# - Други автори (авторска отговорност)
Лично име Пенчев, Исай Пенчев
Автороска отговорност (Описва отношението между автора и произведението) ил.
9 (RLIN) 368638
852 ## - Местоположение
Форматна сигнатура Цб ІІ 17250
856 4# - Електронен адрес и достъп
Електронен формат pdf - файл
856 4# - Електронен адрес и достъп
Електронен формат pdf - файл
999 ## - СИСТЕМНИ КОНТРОЛНИ НОМЕРА
Koha biblionumber 104322
Koha biblioitemnumber 104322
942 ## - АРТИКУЛИ
Вид на библиотечния материал Книги
Скрит в OPAC Не
Koha issues (borrowed), all copies 11
Периодичен библиозапис Да
944 ## - СЪЗДАВАНЕ И РЕДАКЦИЯ на ЗАПИСА
Създаване/Редакция Създаване
Дата на регистрацията/редакция 19.05.2012
Служител, извършил регистрацията/редакцията 30564
Статус, дата на статуса Анна Гръцманова
944 ## - СЪЗДАВАНЕ И РЕДАКЦИЯ на ЗАПИСА
Създаване/Редакция Редакция
Дата на регистрацията/редакция 07.12.2015
Служител, извършил регистрацията/редакцията Пенка_Димитрова
999 ## - СИСТЕМНИ КОНТРОЛНИ НОМЕРА
Koha biblioitemnumber 104322
Наличности
Код за отписване Код за изгубен артикул Код за повреда Коз за рестрикции Код за отдаване Артикулен № Име на библиотеката - собственик Име на библиотеката, в която се намира в момента Статус (Текущо местоположение) Дата на вписване в системата Местоположение - отдел Цена в лева Инвентарен номер Систематично азбучна сигнатура Баркод Номер на екземпляра Цена в евро Служебна бележка Служебен тип на артикула Източник на класификационната схема
  Не е изгубен Не е повреден без рестрикции заемане за дома 168474 Регионална библиотека "Любен Каравелов" Русе Регионална библиотека "Любен Каравелов" Русе Детски отдел 2012-05-19 Детски отдел 2.61 120000757607 ДН 949.72(092)/Л 17 120000757607 1 1.33 Дост: DA Вид: А N: 7 Дата: 16.05.2012 Дата инв: 18.08.2015 Бележки инв: Д2015 Книги  
  Не е изгубен Не е повреден без рестрикции заемане за дома 168475 Регионална библиотека "Любен Каравелов" Русе Регионална библиотека "Любен Каравелов" Русе Детски отдел 2012-05-19 Детски отдел 2.61 120000757608 ДН 949.72(092)/Л 17 120000757608 2 1.33 Дост: DA Вид: А N: 7 Дата: 16.05.2012 Дата инв: 18.08.2015 Бележки инв: Д2015 Книги  
  Не е изгубен Не е повреден без рестрикции заемане за дома 168476 Регионална библиотека "Любен Каравелов" Русе Регионална библиотека "Любен Каравелов" Русе Детски отдел 2012-05-19 Детски отдел 2.61 120000757609 ДН 949.72(092)/Л 17 120000757609 3 1.33 Дост: DA Вид: А N: 7 Дата: 16.05.2012 Дата инв: 18.08.2015 Бележки инв: Д2015 Книги  
  Не е изгубен Не е повреден без рестрикции заемане за дома 168477 Регионална библиотека "Любен Каравелов" Русе Регионална библиотека "Любен Каравелов" Русе Детски отдел 2012-05-19 Детски отдел 2.61 120000757610 ДН 949.72(092)/Л 17 120000757610 4 1.33 Дост: DA Вид: А N: 7 Дата: 16.05.2012 Дата инв: 25.08.2015 Бележки инв: Д2015 Книги  
  Не е изгубен Не е повреден без рестрикции заемане за дома 168478 Регионална библиотека "Любен Каравелов" Русе Регионална библиотека "Любен Каравелов" Русе Детски отдел 2012-05-19 Детски отдел 2.61 120000757611 ДН 949.72(092)/Л 17 120000757611 5 1.33 Дост: DA Вид: А N: 7 Дата: 16.05.2012 Дата инв: 18.08.2015 Бележки инв: Д2015 Книги  
  Не е изгубен Не е повреден без рестрикции заемане за дома 168479 Регионална библиотека "Любен Каравелов" Русе Регионална библиотека "Любен Каравелов" Русе Детски отдел 2012-06-21 Детски отдел 2.23 120000758546 ДН 949.72(092)/Л 17 120000758546 6 1.14 Дост: DA Вид: А N: 12 Дата: 21.06.2012 Дата инв: 18.08.2015 Бележки инв: Д2015 Книги  
  Не е изгубен Не е повреден без рестрикции ползва се в читалня 168480 Регионална библиотека "Любен Каравелов" Русе Регионална библиотека "Любен Каравелов" Русе Хранилище 2015-12-07 Хранилище 2.90 120000795356 Цб ІІ 17250 120000795356 7 1.48 Дост: Dp Вид: Д N: 45 Дата: 19.10.2015 Книги Universal Decimal Classification
Vip Innovations Ltd, Rousse, Bulgaria 2025